Managing for results differently: examining managers? purposeful performance information use in public, nonprofit, and private organizations (Record no. 117087)

000 -LEADER
fixed length control field 01482pab a2200181 454500
008 - FIXED-LENGTH DATA ELEMENTS--GENERAL INFORMATION
fixed length control field 180718b2018 xxu||||| |||| 00| 0 eng d
100 ## - MAIN ENTRY--PERSONAL NAME
Personal name Johansen, Morgen
245 ## - TITLE STATEMENT
Title Managing for results differently: examining managers? purposeful performance information use in public, nonprofit, and private organizations
260 ## - PUBLICATION, DISTRIBUTION, ETC.
Date of publication, distribution, etc. 2018
300 ## - PHYSICAL DESCRIPTION
Extent p.133-147.
362 ## - DATES OF PUBLICATION AND/OR SEQUENTIAL DESIGNATION
Dates of publication and/or sequential designation Feb
520 ## - SUMMARY, ETC.
Summary, etc. Performance information (PI) is only valuable when decision makers use it to improve their organization. Despite its importance, evidence on PI use is still limited, particularly about PI use in different contexts and for specific purposes. This article examines managers? use of PI for specific purposes (purposeful PI [PPI]) and compares cross-sector differences in reported PPI use with a survey of nearly 1,000 top-level hospital managers in public, private, and nonprofit hospitals in the United States, while controlling for task. Findings show significant cross-sector differences in reported PPI use in three decision areas: personnel, day-to-day operations, and service efficiency, and that public managers use PI significantly less than their private and nonprofit counterparts in most decision areas. Results are discussed within the literature on performance management and cross-sector differences. - Reproduced.
650 ## - SUBJECT ADDED ENTRY--TOPICAL TERM
Topical term or geographic name entry element Performance management
700 ## - ADDED ENTRY--PERSONAL NAME
Personal name Zhu, Ling
700 ## - ADDED ENTRY--PERSONAL NAME
Personal name Kim, Taehee
773 ## - HOST ITEM ENTRY
Main entry heading American Review of Public Administration
909 ## -
-- 117093
Holdings
Withdrawn status Lost status Damaged status Not for loan Permanent Location Current Location Date acquired Serial Enumeration / chronology Barcode Date last seen Price effective from Koha item type
        Indian Institute of Public Administration Indian Institute of Public Administration 2018-07-19 Volume no: 48, Issue no: 2 AR117553 2018-07-19 2018-07-19 Articles

Powered by Koha